| 000 | 00708cab a2200217 4500 | ||
|---|---|---|---|
| 001 | ABS39945 | ||
| 008 | 090401t1988 xxu||||| |||| 00| 0 eng d | ||
| 035 | _a(Sirsi) u20233 | ||
| 041 | _aeng | ||
| 100 | _aHumphreys, B. | ||
| 245 | _aDefects undermine the industry | ||
| 260 | _c1988 | ||
| 350 | _a0 | ||
| 490 |
_aBuilding Today _v196(5779) 27 October 1988, 39(1) |
||
| 520 | _aAdvises on the use of checklists on building sites to minimise defects . Concentrates on housebuilding and includes tables indicating the most common failures which arise. | ||
| 650 | _aBUILDING DEFECTS | ||
| 650 | _aWORKMANSHIP | ||
| 690 | _aBUILT ENVIRONMENT-BUILDING PATHOLOGY | ||
| 942 | _n0 | ||
| 948 | _c04/03/1997 | ||
| 999 |
_c13558 _d13558 |
||